Chansons de Koba LaD - Album L'Affranchi - Statistiques

Statistiques générales
  • Ce quiz a été pris 25 fois
  • Le résultat moyen est 7 sur 15
Statistiques - réponses
Ordre dans l'album Chansons % Correct
02 Cellophané
90%
09 Quotidien
80%
04 Matin
75%
14 RR 9.1
65%
03 Quadrillé
55%
01 Koba du 7
50%
06 Amitiés gâchées
40%
08 Demain j'arrête
40%
12 O.G
40%
05 C'est moi
35%
07 Mélange
35%
10 Quand j'étais petit
35%
13 Guedro
25%
11 Le magot
25%
15 Pour moi
0%
Aucun quiz correspondant
Distribution des résultats
% des personnes avec chaque résultat
Percentile par nombre de réponses
Votre historique - résultats
Vous n’avez pas pris ce quiz